00990nam a2200241 a 4500001001000000003000500010005001700015008004100032010001100073011001100084040000900095100003500104245018900139260004100328500006000369502010200429650002100531650002200552650005700574650002100631650002600652856007000678000113954CHAP20220329144421.0171010s2017 mx a fsm |||||||spa d a110415 a111387 cCHAP1 aRivera Torralva, Diego Aarón10aDiagnostico de la producción de café mediante la metodología de marco lógico en el estado de Oaxaca y su propuesta de mejora /h[En línea]cpor Diego Aarón Rivera Torralva. aChapingo, Méx. :bEl autor,c2017. aPara ver el contenido del material haga clic en la liga aTesis (Ing. en Economía Agrícola) -- UACH. División de Ciencias Económico Administrativas14aCaféxCalidad.14aCaféxMercadeo.14aCaféxOrganización de productoresxEvaluación.14aCaféxPrecios.14aCaféxProducción. aFinding aiduhttp://10.13.5.2/tesis/sist113954.pdfzTeclea aquí